Qui est sur cette photographie ? (4) - Statistiques

Statistiques générales
  • Ce quiz a été pris 69 fois
  • Le résultat moyen est 6 sur 20
Statistiques - réponses
Par images Hint Réponse % Correct
Ecrivain Jules {Verne}
83%
Aviateur Roland {Garros}
75%
Souveraine {Victoria} d'Angleterre
75%
Poète Guilaume {Apollinaire}
70%
Naturaliste Charles {Darwin}
62%
Ecrivain Rudyard {Kipling}
40%
Militante Rosa {Luxemburg}
32%
Ecrivain Arthur {Conan} {Doyle}
27%
Compositeur Gustav {Mahler}
25%
Compositeur Richard {Strauss}
23%
Acteur Rock {Hudson}
22%
Ecrivain Robert-Louis {Stevenson}
20%
Ecrivain Romain {Rolland}
10%
Ecrivain Charles-Augustin {Sainte-Beuve}
5%
Ecrivain Ernest {Renan}
3%
Peintre Pierre {Bonnard}
3%
Ecrivain Auguste de {Villiers} de {L'Isle-Adam}
2%
Peintre Paul {Signac}
2%
Religieux / Philosophe Pierre {Teilhard} de {Chardin}
2%
Peintre Pierre {Puvis de Chavannes}
0%
Aucun quiz correspondant
Distribution des résultats
% des personnes avec chaque résultat
Percentile par nombre de réponses
Votre historique - résultats
Vous n’avez pas pris ce quiz